000 00919nam a2200229 i 4500
001 156849
003 ES-MaACL
005 20230906210519.0
008 040729q18501852fr a |||| | fre d
040 _aCAM
_bspa
_cCAM
100 1 _aLacroix, Paul (
_d1806-1884)
_969408
245 1 3 _aOeuvres illustrées du bibliophile Jacob.
_pLa marquise de Chatillard: histoire du temps de Louis XV et de la Révolution. Le Pont-Volant, 1764 /
_c[Paul Lacroix] ; illustrée par E. Bocourt.
260 _aParis :
_b[s.n.,
_c185?] (
_fImp. Gerdès)
300 _a80 p. :
_bil. ;
_c31 cm.
500 _aDatos tomados de la primera página del texto.
505 8 _aLe pont volant: 1764 (p. 78-80)
594 _aBibliophile Jacob es seud. de Paul Lacroix.
597 _aTexto a dos col.
700 1 _aBocourt, E.
_9126033
740 3 _aLa marquise de Chatillard.
852 _aES-MaACL
_jR-1705(3)
_z-- Enc. hol.
_q.- Sin portada
999 _c156849
_d156849